000 00245nam a2200097Ia 4500
001 833596
005 20250826172417.0
008 250824s9999 xx 000 0 und d
245 0 _aÇALIKUŞU
_cREŞAT NURİ GÜNTEKİN
260 _bİNKILAP YAYINLARI
999 _c833596
_d833596